COGNITIVE PERFORMANCE AND POST-TRAUMATIC STRESS DISORDER IN PERSONS EXPOSED TO WAR AND IMPRISONMENT

Bibliographic Details
Main Authors: Bobić, Jasminka (Author), Pavićević, Lukrecija (Author), Gomzi, Milica (Author)
Format: Article
Language:English

MARC

LEADER 00000nab a2200000ua 4500
001 vtls010777017
003 SK-MaSNL
005 20260303151918.0
008 230222s2003 xo |||||||||||||||||eng|
035 |a (urnnbn)urn:nbn:sk:snk:ar-a02wcg 
035 |a (uuid)f9f5be6e-30ca-4a5b-8ac2-ca72a4fc329d 
035 |a urn:nbn:sk:snk-ab4ot2 
040 |a SNKBUCL  |b slo  |c SNKBUCL  |e AACR2 
041 0 |a eng 
044 |a xo  |c SK 
100 1 |a Bobić, Jasminka  |4 aut  |9 873034 
245 1 0 |a COGNITIVE PERFORMANCE AND POST-TRAUMATIC STRESS DISORDER IN PERSONS EXPOSED TO WAR AND IMPRISONMENT  |c Jasminka Bobić, Lukrecija Pavićević, Milica Gomzi 
700 1 |a Pavićević, Lukrecija  |4 aut  |9 1171905 
700 1 |a Gomzi, Milica  |4 aut  |9 873037 
773 0 |t Studia psychologica : an international journal for research and theory in psychological sciences  |g Roč. 45, č. 2 (2003), s. 111-119 
958 |a OND 
958 |a EUIPO 
958 |a article3 
999 |c 2020587  |d 2022517